Caught in Corona Conflict: an approach to the working population/ (Record no. 177876)

MARC details
000 -LEADER
fixed length control field 00750nam a22002057a 4500
005 - DATE AND TIME OF LATEST TRANSACTION
control field 20210309143813.0
010 ## - LCCN (DPL NO)
LC control number ENG-129174
020 ## - INTERNATIONAL STANDARD BOOK NUMBER
International Standard Book Number 978-81-237-9200-2
Terms of availability 170.00
035 ## - SYSTEM CONTROL NUMBER
System control number EN-112706
037 ## - SOURCE OF ACQUISITION
Source of stock number/acquisition DBAD/PUB
082 ## - DEWEY DECIMAL CLASSIFICATION NUMBER
Classification number 616.2414
100 ## - MAIN ENTRY--PERSONAL NAME
Personal name Nagpal, Jitendra
245 ## - TITLE STATEMENT
Title Caught in Corona Conflict: an approach to the working population/
Statement of responsibility, etc Jitendra Nagpal and Tarun Uppal
260 ## - PUBLICATION, DISTRIBUTION, ETC. (IMPRINT)
Place of publication, distribution, etc New Delhi
Name of publisher, distributor, etc National Book Trust
Date of publication, distribution, etc 2020
270 ## - ADDRESS
City New Delhi
Postal code 110070
Address Nehru Bhawan, 5 Institutional Area, Phase-II, Vasant Kunj
300 ## - PHYSICAL DESCRIPTION
Extent xxiv+115p.
Dimensions 21cm(pbk)
Other physical details Including illustrations and bibliographical references.
500 ## - GENERAL NOTE
General note illustration: Fajruddin
700 ## - ADDED ENTRY--PERSONAL NAME
Personal name Uppal, Tarun
942 ## - ADDED ENTRY ELEMENTS (KOHA)
Source of classification or shelving scheme Dewey Decimal Classification
Item type English Books
Classification part 616.2414
Call number suffix NAG
Holdings
Withdrawn status Lost status Not for loan Collection code Home library Current library Date acquired Source of acquisition Cost, normal purchase price Full call number Barcode Copy number Cost, replacement price Koha item type
      Non-fiction Ashok Vihar Ashok Vihar 09/03/2021 DBAD/PUB 170.00 616.2414 NAG EN-112706 1 170.00 English Books

© Delhi Public Library
Hit Counter
free hit counter